LEADER 01235nam a2200289 u 4500 001 000000091833 003 CaOOAMICUS 005 20070226124855.0 008 060328s1990 gw u000 u ger u 020 $a3787309160 035 $a11083498 040 $aPUL(R)$bita 100 1 $aZekl, Hans Günter.$0(OLS)http://pul/name/55199 245 10$aTopos :$bDie aristotelische Lehre von Raum Eine Interpretation von Physik, d 1-5 /$cHans Günter Zekl. 260 $aHamburg :$bMeiner,$c1990. 300 $avii, 289 p. ;$c24 cm 490 1 $aParadeigmata ;$v10 500 $aInclude indice. 504 $aBibliografia in nota. 600 04$aAristoteles,$d384-322 a.C.$tPhysica$9(Aristoteles, 384-322 a.C.).$0(OLS)http://pul/subject/19965 830 0$aParadeigmata ;$v10.$0(OLS)http://pul/title/118524 850 $aPUL 852 $aPUL$W1$xDP1 Fondo Seidl$y56$m4 A 15$j115600$nBK-PRI$b $qFondi$B115600$CPULBib$Z2$F115600 $H $81 941 1 $a1 996 $6020$a3787309160$9(OLS)http://pul/number/120427 996 $6245$aTopos :$bDie aristotelische Lehre von Raum Eine Interpretation von Physik, d 1-5$9(OLS)http://pul/title/118523 996 $6260$aHamburg :$bMeiner$9(OLS)http://pul/publisher/48261 LEADER 01153nam a2200277 u 4500 001 000000064476 003 CaOOAMICUS 005 20070226121348.0 008 011120c1973 it u000 u ita u 035 $a10910525 040 $aPUL(R)$bita 100 1 $aGadamer, Hans Georg,$d1900-2002.$0(OLS)http://pul/name/5709 245 13$aLa dialettica di Hegel /$cHans Georg Gadamer ; a cura di Riccardo Dottori. 260 $aGenova :$bMarietti,$cc1973. 300 $axix, 214 p. ;$c20 cm 490 1 $aCollana di filosofia ;$v65 600 14$aHegel, Georg Wilhelm Friedrich,$d1770-1831.$0(OLS)http://pul/subject/7788 650 4$aDialettica.$0(OLS)http://pul/subject/5070 700 1 $aDottori, Riccardo.$0(OLS)http://pul/name/43575 830 0$aCollana di filosofia (Marietti) ;$v65.$0(OLS)http://pul/title/8088 850 $aPUL 852 $aPUL$W1$xSL Filosofia 1$y2$m85 F 89$j83588$nBK-PRI$b $qStampati$B83588$CPULBib$Z2$F83588 $H $81 941 1 $a8 961 $aINV: 75674 996 $6245$aLa dialettica di Hegel$9(OLS)http://pul/title/85919 996 $6260$aGenova :$bMarietti$9(OLS)http://pul/publisher/48994